000 00949nas a2200301 4500
001 BR2010000005
003 BR-BrBNA
005 20231205114020.0
007 ta
008 230509b bl.|||p| |||| 00| 00por d
040 _aBR-BrBNA
_bpor
_cBiblioteca Nacional de Agricultura
041 _a(Pt)
072 _aK10; D50
100 1 _aNarvaes, I. da S.
100 1 _aSantos, J.R. dos
100 1 _aAdami, M.
100 1 _aOiveira Filho, P.C. de
245 1 _aImpacto da efetivação da legislação ambiental em plantios comerciais na região Centro-Oeste do Estado de Santa Catarina
650 _aLEGISLAÇÃO
650 _aMEIO AMBIENTE
650 _aREFLORESTAMENTO
650 _aPINHEIRO
650 _aPINUS TAEDA
650 _aPROTEÇÃO AMBIENTAL
773 0 _tScientia Forestalis (Brazil)
_xISSN 1413-9324
_g(Sep 2009), v. 37(83) p. 265-272
_wBR2010000005
909 _a202311
_bLúcia
_c55
_dLúcia Elande
942 _2AGRIS
_n0
_cANA
999 _c206727
_d206727